header

Disability and public health (Record no. 125341)

MARC details
000 -LEADER
fixed length control field 01226nam a2200313 a 4500
245 00 - TITLE STATEMENT
Title Disability and public health
260 ## - PUBLICATION, DISTRIBUTION, ETC. (IMPRINT)
Place of publication Washington, D.C. :
Name of publisher American Public Health Association,
Year of publication 2009.
300 ## - PHYSICAL DESCRIPTION
Number of Pages viii, 212 p. :
Other physical details ill.
650 #0 - SUBJECT ADDED ENTRY--TOPICAL TERM
Topical Term Disabilities.
Topical Term Public health.
700 1# - ADDED ENTRY--PERSONAL NAME
Personal name Drum, Charles E.
Personal name Krahn, Gloria L.
Personal name Bersani, Hank A.
856 40 - ELECTRONIC LOCATION AND ACCESS
Uniform Resource Identifier http://site.ebrary.com/lib/rucke/Doc?id=10486824

No items available.

© 2026 Rongo University
Contact us: librarian | system librarian | Rongo university